Nghi thức lời nói Nga Tài liệu giáo khoa dành cho sinh viên nước ngoài

Na minha lista:
Detalhes bibliográficos
Autor principal: A-Ki-Si-Na, A.A
Outros Autores: Phốc-Ma-Nốp-Xcai-A, N.I
Formato: Livro
Publicado em: Mát-scơ-va Tiếng Nga 1981
Assuntos:
Tags: Adicionar Tag
Sem tags, seja o primeiro a adicionar uma tag!
Thư viện lưu trữ: Trung tâm Học liệu Lê Vũ Hùng, Trường Đại học Đồng Tháp
LEADER 00807pam a22002298a 4500
001 00030592
005 20171026081025.0
008 130507s1981 |||||| sd
041 0 # |a fra-vie 
082 1 4 |a 491.71  |b NGH300TH 
100 1 # |a A-Ki-Si-Na, A.A 
245 1 0 |b Tài liệu giáo khoa dành cho sinh viên nước ngoài  |c A.A. A-Ki-Ni-Si-Na, N.I.Phốc-Ma-Nốp-Xcai-A  |a Nghi thức lời nói Nga 
260 # # |a Mát-scơ-va  |b Tiếng Nga  |c 1981 
300 # # |a 206 tr.  |c 20 cm. 
653 # # |a Lời nói 
653 # # |a Tiếng Nga 
653 # # |a Nghi thức 
700 1 # |a Phốc-Ma-Nốp-Xcai-A, N.I 
852 # # |j KD.0014518 
852 # # |b Kho đọc  |j KD.0014518 
910 |d 07/05/2013 
980 # # |a Trung tâm Học liệu Lê Vũ Hùng, Trường Đại học Đồng Tháp